| 000 | 00639nam a2200229Ia 4500 | ||
|---|---|---|---|
| 001 | 18458 | ||
| 003 | GE_BSU | ||
| 008 | 181216s||||||||xx |||||||||||||| ||und|| | ||
| 020 | _a9780470373682 | ||
| 040 | _cGE_BSU | ||
| 080 | _a331 | ||
| 100 | _aHughey,K. Nelson,D.B., Damminger,J.K. and other | ||
| 245 | 4 | _aThe Handbook of Career Advising | |
| 250 | _aA publication of the National Academic Advising Association | ||
| 260 | _aSan Francisco | ||
| 260 | _bJossey-Bass | ||
| 260 | _c2009 | ||
| 300 | _a387p. 26cm. | ||
| 653 | _aThe Handbook of Career Advising | ||
| 653 | _aკარიერა, მართვა. | ||
| 942 | _cBK | ||
| 999 |
_c51472 _d51472 |
||